banner-ar

التصوير التليفزيونى : (Record no. 65975)

MARC details
000 -الفاتح
حقل البيانات ثابتة الطول 01090nam a22002897a 4500
005 - وقت وتاريخ اخر تعامل مع التسجيلة
رقم الضبط 20240530110852.0
008 - عناصر البيانات ثابتة الطول - معلومات عامة
حقل البيانات ثابتة الطول 201102s2019 ua a g b 000 0dara d
017 ## - رقم الايداع القانونى
رقم الايداع القانونى 2019/1833
المصدر ( الهيئة المختصة) مصر. دار الكتب
020 ## - الرقم الدولى المعيارى للكتب
الرقم الدولى المعيارى للكتاب 9789773194826
040 ## - مصدر الفهرسة
وكالة الفهرسة الأصلية EG-CaGPL
وكالة النسخ EG-CaGPL
082 04 - رقم تصنيف ديوى العشرى
رقم الطبعة 21
رقم التصنيف 778.59/
رقم المادة ح ت
100 0# - المدخل الرئيسى - إسم شخصى
الإسم الشخصى حسن على قاسم
245 12 - بيان العنوان
العنوان التصوير التليفزيونى :
بقية العنوان الاسس . المبادئ . التقنيات /
بيان المسئوليه,etc حسن على قاسم
250 ## - بيان الطبعة
بيان الطبعة ط.1
260 ## - PUBLICATION, DISTRIBUTION, ETC. (IMPRINT)
تاريخ النشر أو التوزيع 2019
300 ## - الوصف المادى
التعداد 248 ص. ؛
أبعاد الوعاء 24 سم.
504 ## - تبصرة ببليوجرافية
تبصرة ببليوجرافية,الخ يشتمل على ارجاعات ببليوجرافية
650 07 - المدخل الاضافى بالموضوع-مصطلح موضوعى
مصدر الرأس أو المصطلح qrmak
مصطلح موضوعي البرامج التليفزيونية
650 07 - المدخل الاضافى بالموضوع-مصطلح موضوعى
مصدر الرأس أو المصطلح qrmak
مصطلح موضوعي التصوير التليفزيونى
650 07 - المدخل الاضافى بالموضوع-مصطلح موضوعى
مصدر الرأس أو المصطلح qrmak
مصطلح موضوعي التصوير
650 07 - المدخل الاضافى بالموضوع-مصطلح موضوعى
مصطلح موضوعي الكاميرات
650 07 - المدخل الاضافى بالموضوع-مصطلح موضوعى
مصطلح موضوعي الكاميرات التليفزيونية
650 07 - المدخل الاضافى بالموضوع-مصطلح موضوعى
مصطلح موضوعي ديكورات الاضاءة
مصدر الرأس أو المصطلح qrmak
651 ## - المدخل الاضافى بالموضوع - اسم جغرافى
مصدر الرأس أو المصطلح qrmak
942 ## - عناصر المدخل الإضافي( كوها)
مصدر التصنيف او مخطط الترفيف Dewey Decimal Classification
Koha [default] item type كتاب
260 ## - PUBLICATION, DISTRIBUTION, ETC. (IMPRINT)
-- القاهرة :
-- العربى للنشر و التوزيع،
Holdings
حالة التراجع حالة الفقد حالة تلف ليس للاعارة المكان المؤقت الموقع الحالى موقع الترفيف تاريخ الاكتساب اجمالي اﻻعارات رقم الطلب الباركود تاريخ اخر مشاهدة تاريخ تفعيل السعر نوع وعاء كوها
        مكتبة القاهرة الكبرى مكتبة القاهرة الكبرى   12/06/2020   778.59/ ح ت 167104 12/06/2020 12/06/2020 كتاب

Powered By

EGPV